[Event "Toronto Reserves"]
[Site "Toronto"]
[Date "2013.06.03"]
[Round "7"]
[White "Nasir, Zehn"]
[Black "Udrea, Chris"]
[Result "1/2-1/2"]
[WhiteElo "2113"]
[BlackElo "1876"]
[PlyCount "70"]
[EventDate "2013.04.15"]
[EventType "tourn"]
[EventRounds "7"]
[EventCountry "CAN"]
[SourceTitle "EXT 2022"]
[Source "ChessBase"]
[SourceDate "2021.10.06"]
[SourceVersion "1"]
[SourceVersionDate "2021.10.06"]
[SourceQuality "1"]

1. e4 c6 2. d4 d5 3. Nc3 dxe4 4. Nxe4 Bf5 5. Ng3 Bg6 6. N1e2 Nf6 7. Nf4 Nd5 8. h4 Nxf4 9. Bxf4 h5 10. c3 e6 11. Bd3 Bxd3 12. Qxd3 Bd6 13. Bxd6 Qxd6 14. 0-0-0 Qf4+ 15. Rd2 Nd7 16. Qe4 Qxe4 17. Nxe4 Ke7 18. c4 Nf6 19. Re1 Nxe4 20. Rxe4 Rhd8 21. Kc2 Rd7 22. g4 hxg4 23. Rxg4 g6 24. Kc3 Rh8 25. Rd3 Rh5 26. Rh3 Rf5 27. f3 e5 28. dxe5 Rxe5 29. Re4 Ke6 30. h5 Rxe4 31. fxe4 gxh5 32. Rxh5 Rd1 33. a4 Re1 34. Kd4 Rd1+ 35. Kc3 Re1 1/2-1/2

[Event "Toronto Reserves"]
[Site "Toronto"]
[Date "2013.05.13"]
[Round "5"]
[White "Southam, David"]
[Black "Udrea, Chris"]
[Result "1/2-1/2"]
[WhiteElo "2193"]
[BlackElo "1876"]
[PlyCount "95"]
[EventDate "2013.04.15"]
[EventType "tourn"]
[EventRounds "7"]
[EventCountry "CAN"]
[SourceTitle "EXT 2022"]
[Source "ChessBase"]
[SourceDate "2021.10.06"]
[SourceVersion "1"]
[SourceVersionDate "2021.10.06"]
[SourceQuality "1"]

1. d4 Nf6 2. c4 e6 3. Nc3 d5 4. Bg5 c6 5. e3 Nbd7 6. cxd5 exd5 7. Bd3 Be7 8. Qc2 h6 9. Bh4 Nh5 10. Bxe7 Qxe7 11. 0-0-0 Nhf6 12. Kb1 Nb6 13. Nge2 Be6 14. Na4 Nxa4 15. Qxa4 b5 16. Qc2 Bd7 17. Nc1 0-0 18. Rhe1 a5 19. f3 a4 20. e4 dxe4 21. fxe4 b4 22. e5 b3 23. axb3 axb3 24. Qc5 Qxc5 25. dxc5 Ng4 26. h3 Nf2 27. Bh7+ Kxh7 28. Rxd7 Ra4 29. Nxb3 Rb8 30. Rd4 Rxd4 31. Nxd4 Nd3 32. Re2 Nxc5 33. Nxc6 Rb6 34. Nd4 Nd3 35. Kc2 Nxb2 36. Kc3 Na4+ 37. Kc4 Rb7 38. Nf5 Rc7+ 39. Kd4 Nc5 40. Nd6 Ne6+ 41. Ke3 Rc3+ 42. Kd2 Rc7 43. Rf2 Kg8 44. Ke3 Ra7 45. Rb2 Ra3+ 46. Ke4 Ra7 47. Rc2 Ng5+ 48. Kd5 1/2-1/2